Представление документа в формате MARC21

Поле Инд. ПП Название Значение
Тип записи a
Библиографический уровень m
001 Контрольный номер 94830402-45b7-4b26-8ed7-e3ef2766d3d3
005 Дата корректировки 20140703145217.2
008 Кодируемые данные 060712
020 a ISBN 5-06-004025-9 (кн. 1)
a ISBN 5-06-004027-5
c Цена, тираж 120.00
040 a Служба первич. каталог. НБ ТвГУ
041 a Код языка текста rus
080 a Индекс УДК 544(075.8)
084 a Индекс другой классификации/Индекс ББК Г5я73-1
090 x Авторский знак Ф50
a Полочн. индекс Г5
245 10 a Заглавие Физическая химия
n Номер части/ раздела [Кн.] 1
p Название части/ раздела Строение вещества.Термодинамика
b Продолж. заглавия [учеб. для вузов] : в 2 кн.
c Ответственность под ред. К. С. Краснова
250 a Основные сведения об издании Изд. 3-е, испр.
260 0_ a Место издания Москва
b Издательство Высшая школа
c Дата издания 2001
300 a Объем 511, [1] с.
b Иллюстрации/ тип воспроизводства ил., табл.
500 a Примечание Авт. указаны в вып. дан.
504 a Библиография Предм. указ.: с. 497-505.
583 a Действие Получение впервые 255 04.07.2006
k Исполнитель действия Взамен утраченных
583 a Действие Приписка 17 04.02.2008
k Исполнитель действия Взамен утраченных
650 a Основная рубрика Физическая химия
x Основная подрубрика Учебники для вузов
653 a Ключевые слова Физическая химия
a Ключевые слова Строение вещества
a Ключевые слова Термодинамика
700 1_ a Другие авторы Воробьев Николай Константинович
e Роль лиц авт.
700 1_ a Другие авторы Краснов Константин Соломонович
e Роль лиц авт., ред.
700 1_ a Другие авторы Годиев Иван Николаевич
e Роль лиц авт.
700 1_ a Другие авторы Васильева Вера Николаевна
e Роль лиц авт.
852 t Порядковый номер экземпляра 2
p Инвентарный номер 845897
p Инвентарный номер 902488 210.00
863 t 00141658
863 t 00211190
888 a Бесплатные
930 a Новая/Ретро учебники
952 p 255.2006 120.00 1 845897
p 17.2008 210.00 1 902488
c Вид литературы К ру
954 a Дата поступления на обработку 20060814
999 a Подразделение 2 Фил3